00296cam a22001097a 4500008004000000082001000040245004600050260002700096300001000123650002500133650002800158180718b1976 xxu||||| |||| 00| 0 eng d aD C84 aPolicy makers and criticscCecil V. Crabb aNe YorkbPraegerc1976 a229p. aEconomic Development aAsia - Econ. Conditions